000 00655 a2200169 4500
003 Nust
005 20230201135911.0
040 _cNust
082 _a930.1,BOW
100 _a Bowman,Sheridan
_9547
245 _aInterpreting the past radiocarbon dating /
_cSheridan Bowman
260 _aIslamabad
_bNellab Publishars
_c2007
300 _a64
505 _aBackground And Basic Principles (Page-9), Radiocarbon Concentration (Page-16), Measurement Of Radio (Page-31), Calibration Of Radio (Page-43), Radio And Archaeology (Page-50), Further Reading (Page-63).
650 _aInterpreting the past radiocarbon dating
_9108414
942 _2ddc
_cBK
_k930.1,BOW
999 _c186958
_d186958